[Event "K41 Foraars EMT Gruppe C 2011"]
[Site "Valby"]
[Date "2011.03.15"]
[Round "1"]
[White "Hansen, Rasmus Agertoft"]
[Black "Hansen, Jakob"]
[Result "1-0"]
[WhiteElo "1790"]
[BlackElo "1913"]
[PlyCount "71"]
[EventDate "2011.??.??"]

1. e4 c5 2. Nf3 Nc6 3. Nc3 g6 4. g3 Bg7 5. Bg2 e6 6. O-O Nge7 7. Qe2 d6 8. d3
O-O 9. Rb1 a6 10. Bg5 h6 11. Bd2 b5 12. Nd1 d5 13. e5 b4 14. Ne3 h5 15. Nd1 Nf5
16. c3 Rb8 17. Ne3 Nh6 18. Nc2 a5 19. h3 Ba6 20. Bf4 c4 21. d4 b3 22. Ne3 bxa2
23. Ra1 Rb6 24. Bg5 Qb8 25. Rxa2 Qb7 26. Nh4 Rb8 27. Nd1 Kh7 28. Qe3 Ng8 29. g4
hxg4 30. hxg4 Bh6 31. f4 Bxg5 32. fxg5 Bb5 33. Rf2 Ra6 34. Qf4 Nd8 35. Ne3 Bd7
36. Qxf7+ 1-0

[Event "K41 Foraars EMT Gruppe C 2011"]
[Site "Valby"]
[Date "2011.03.15"]
[Round "1"]
[White "Morkore, Thomas"]
[Black "Sorensen, Dick"]
[Result "1/2-1/2"]
[WhiteElo "1854"]
[BlackElo "1816"]
[PlyCount "36"]
[EventDate "2011.??.??"]

1. e4 c5 2. Nf3 e6 3. d3 Nc6 4. c3 d6 5. g3 Nf6 6. Bg2 Be7 7. O-O O-O 8. Re1 a6
9. a3 Rb8 10. b4 e5 11. h3 Ne8 12. d4 exd4 13. cxd4 cxb4 14. d5 Bf6 15. Ra2 b3
16. Qxb3 Nd4 17. Nxd4 Bxd4 18. Be3 Bxe3 1/2-1/2

[Event "K41 Foraars EMT Gruppe C 2011"]
[Site "Valby"]
[Date "2011.03.22"]
[Round "2"]
[White "Andersen, Henrik"]
[Black "Hellegaard, Dennis"]
[Result "1/2-1/2"]
[WhiteElo "1823"]
[BlackElo "1835"]
[PlyCount "37"]
[EventDate "2011.??.??"]

1. e4 c5 2. d4 cxd4 3. c3 dxc3 4. Nxc3 Nc6 5. Nf3 a6 6. Bc4 e6 7. Bf4 d6 8. h3
Nf6 9. Qe2 Be7 10. Rd1 Qc7 11. a3 O-O 12. O-O b5 13. Ba2 Bb7 14. Rc1 Qa5 15.
Rfd1 Rfd8 16. Rd2 b4 17. axb4 Nxb4 18. Bb1 d5 19. e5 1/2-1/2

[Event "K41 Foraars EMT Gruppe C 2011"]
[Site "Valby"]
[Date "2011.03.22"]
[Round "2"]
[White "Hansen, Jakob"]
[Black "Hojgaard, Knud"]
[Result "1-0"]
[WhiteElo "1913"]
[BlackElo "1811"]
[PlyCount "99"]
[EventDate "2011.??.??"]

1. e4 e6 2. d3 d5 3. Nd2 Nf6 4. g3 dxe4 5. dxe4 Bc5 6. Bg2 Nc6 7. Ngf3 e5 8. h3
b6 9. c3 a5 10. Qa4 Bd7 11. Qc2 Qe7 12. O-O O-O 13. a4 Rad8 14. Nc4 Rfe8 15.
Bg5 h6 16. Be3 Bxe3 17. Nxe3 Be6 18. Rfd1 Rxd1+ 19. Rxd1 Rd8 20. Nd2 Qc5 21.
Nb3 Rxd1+ 22. Qxd1 Qe7 23. Nd5 Qd8 24. Qf3 Ne8 25. Nd2 Nd6 26. Qd3 Qd7 27. Kh2
Ne7 28. b3 Ng6 29. Nf1 Nb7 30. Qc2 Qd8 31. b4 c6 32. Nde3 Qd6 33. Qb2 c5 34.
bxa5 Nxa5 35. Nd2 Ne7 36. Bf1 f6 37. Ndc4 Nxc4 38. Nxc4 Bxc4 39. Bxc4+ Kf8 40.
Qb5 Qc6 41. Qxc6 Nxc6 42. Kg2 Ke7 43. Kf3 Kd6 44. Kg4 g6 45. f4 h5+ 46. Kh4 Ne7
47. Bf7 Kd7 48. fxe5 fxe5 49. Kg5 Nc8 50. Bxg6 1-0

[Event "K41 Foraars EMT Gruppe C 2011"]
[Site "Valby"]
[Date "2011.03.22"]
[Round "2"]
[White "Hansen, Rasmus Agertoft"]
[Black "Morkore, Thomas"]
[Result "0-1"]
[WhiteElo "1790"]
[BlackElo "1854"]
[PlyCount "70"]
[EventDate "2011.??.??"]

1. d4 Nf6 2. Nf3 d6 3. c4 g6 4. Nc3 Bg7 5. e4 O-O 6. Be2 Na6 7. Bg5 h6 8. Bh4
c6 9. Nd2 e5 10. d5 c5 11. f3 Nc7 12. g4 a6 13. a4 Rb8 14. Nf1 Bd7 15. Ne3 Qe8
16. Qc1 Nh7 17. Bg3 Qe7 18. Qc2 b6 19. h4 Rb7 20. Bd3 Rfb8 21. f4 exf4 22. Bxf4
Qf6 23. Qh2 Ne8 24. Rf1 b5 25. Bxh6 Qd4 26. Qf4 Bxh6 27. Qxh6 bxc4 28. Rxf7
Kxf7 29. Qxh7+ Ng7 30. Nxc4 Qg1+ 31. Bf1 Qg3+ 32. Kd2 Rxb2+ 33. Nxb2 Rxb2+ 34.
Kd1 Qxc3 35. Qh6 Bxg4+ 0-1

[Event "K41 Foraars EMT Gruppe C 2011"]
[Site "Valby"]
[Date "2011.03.22"]
[Round "2"]
[White "Sorensen, Dick"]
[Black "Kokholm, Daniel"]
[Result "1-0"]
[WhiteElo "1816"]
[BlackElo "1878"]
[PlyCount "71"]
[EventDate "2011.??.??"]

1. c4 Nc6 2. d4 e5 3. d5 Nce7 4. e4 Ng6 5. Nc3 Bc5 6. Nf3 Nf6 7. h3 O-O 8. Bd3
a6 9. a3 d6 10. Qe2 Bd7 11. Be3 Bxe3 12. Qxe3 c6 13. dxc6 bxc6 14. O-O-O Qa5
15. g3 Rfb8 16. Bb1 Ne8 17. Ba2 c5 18. h4 Ba4 19. Rd2 Bb3 20. h5 Nf8 21. h6 g6
22. Nd5 Qa4 23. Bxb3 Rxb3 24. Ne7+ Kh8 25. Ng5 Qxc4+ 26. Rc2 Qe6 27. Nxe6 Rxe3
28. Ng5 Rf3 29. Nxf3 Ra7 30. Nd5 Ne6 31. b4 f5 32. exf5 gxf5 33. bxc5 e4 34.
cxd6 Nxd6 35. Rc6 Rd7 36. Ne5 1-0

[Event "K41 Foraars EMT Gruppe C 2011"]
[Site "Valby"]
[Date "2011.03.29"]
[Round "3"]
[White "Hellegaard, Dennis"]
[Black "Sorensen, Dick"]
[Result "1/2-1/2"]
[WhiteElo "1835"]
[BlackElo "1816"]
[PlyCount "44"]
[EventDate "2011.??.??"]

1. d4 Nf6 2. c4 g6 3. Nc3 Bg7 4. e4 d6 5. Be2 O-O 6. Nf3 c6 7. Bg5 a6 8. O-O b5
9. a3 Bb7 10. Nd2 Nbd7 11. Qc2 h6 12. Be3 e5 13. Rfd1 Qe7 14. Rac1 Rac8 15. b3
Rfd8 16. dxe5 dxe5 17. Qb2 Nc5 18. Bxc5 Qxc5 19. b4 Qe7 20. c5 Rc7 21. Nf3 Rcd7
22. Rxd7 Rxd7 1/2-1/2

[Event "K41 Foraars EMT Gruppe C 2011"]
[Site "Valby"]
[Date "2011.03.29"]
[Round "3"]
[White "Hojgaard, Knud"]
[Black "Andersen, Henrik"]
[Result "0-1"]
[WhiteElo "1811"]
[BlackElo "1823"]
[PlyCount "130"]
[EventDate "2011.??.??"]

1. d4 Nf6 2. c4 c5 3. Nf3 cxd4 4. Nxd4 Nc6 5. Nc3 g6 6. e4 d6 7. Be2 Bg7 8. Be3
O-O 9. O-O a6 10. Kh1 Bd7 11. f4 Rc8 12. Rc1 Nxd4 13. Bxd4 Bc6 14. Bf3 Qa5 15.
Rf2 Rfd8 16. Be3 e6 17. Qc2 Nd7 18. Qb1 b5 19. cxb5 axb5 20. b4 Qa8 21. Rd2 Qb8
22. Ne2 Nb6 23. Bxb6 Qxb6 24. Rcd1 Ba8 25. Qb3 Rc4 26. Qb1 f5 27. exf5 Bxf3 28.
gxf3 gxf5 29. Qb3 d5 30. Rg1 Kf7 31. Rg2 Bf6 32. Rg3 h5 33. Rg2 h4 34. a3 Rcc8
35. Qd3 Rc4 36. Qb3 Rdc8 37. Qb1 Qa7 38. Qb3 Rg8 39. Rxg8 Kxg8 40. Qd3 Kf8 41.
Rd1 Bb2 42. Kg2 Qxa3 43. Qxa3 Bxa3 44. Nd4 Rxb4 45. Nxe6+ Kf7 46. Ng5+ Kf6 47.
Rxd5 Rxf4 48. Nh7+ Kg6 49. Rxb5 Kxh7 50. Rb7+ Kg6 51. Rb6+ Kg5 52. Rb8 Bd6 53.
Rg8+ Kf6 54. Rh8 Rd4 55. h3 Rd2+ 56. Kf1 Bg3 57. Rf8+ Ke5 58. Re8+ Kf4 59. Ra8
Kxf3 60. Ra3+ Ke4 61. Ra4+ Ke3 62. Ra3+ Rd3 63. Ra2 f4 64. Re2+ Kf3 65. Ra2
Rd1# 0-1

[Event "K41 Foraars EMT Gruppe C 2011"]
[Site "Valby"]
[Date "2011.03.29"]
[Round "3"]
[White "Morkore, Thomas"]
[Black "Hansen, Jakob"]
[Result "1/2-1/2"]
[WhiteElo "1854"]
[BlackElo "1913"]
[PlyCount "47"]
[EventDate "2011.??.??"]

1. e4 c5 2. Nf3 Nc6 3. Bb5 e6 4. O-O Nge7 5. c3 a6 6. Bxc6 Nxc6 7. d4 d5 8. Bg5
Qb6 9. exd5 exd5 10. dxc5 Qxb2 11. Nbd2 Bxc5 12. Nb3 Be7 13. Re1 Be6 14. Nbd4
Nxd4 15. Qxd4 Bxg5 16. Qxg7 O-O-O 17. Qxg5 Rhg8 18. Qe7 Qb6 19. Rab1 Qc7 20.
Qxc7+ Kxc7 21. Nd4 Bh3 22. g3 Rge8 23. f3 Bc8 24. Kf2 1/2-1/2

[Event "K41 Foraars EMT Gruppe C 2011"]
[Site "Valby"]
[Date "2011.04.05"]
[Round "4"]
[White "Morkore, Thomas"]
[Black "Kokholm, Daniel"]
[Result "1/2-1/2"]
[WhiteElo "1854"]
[BlackElo "1878"]
[PlyCount "34"]
[EventDate "2011.??.??"]

1. e4 d5 2. exd5 Qxd5 3. Nc3 Qa5 4. d4 c6 5. Bd2 Bf5 6. Bc4 e6 7. Nf3 Nf6 8.
Nd5 Qd8 9. Nxf6+ Qxf6 10. Bc3 Qd8 11. Qe2 Bg4 12. O-O-O Be7 13. h3 Bxf3 14.
Qxf3 Nd7 15. Rhe1 Nf6 16. Qg3 O-O 17. Bd2 Nd5 1/2-1/2

[Event "K41 Foraars EMT Gruppe C 2011"]
[Site "Valby"]
[Date "2011.04.05"]
[Round "4"]
[White "Sorensen, Dick"]
[Black "Hojgaard, Knud"]
[Result "1/2-1/2"]
[WhiteElo "1816"]
[BlackElo "1811"]
[PlyCount "75"]
[EventDate "2011.??.??"]

1. Nf3 e6 2. e4 d5 3. exd5 exd5 4. d4 Bd6 5. c4 c6 6. c5 Bc7 7. Bd3 Bg4 8. O-O
Ne7 9. Re1 Nd7 10. Bg5 f6 11. Bh4 Nf8 12. Nbd2 Qd7 13. b4 a6 14. Qc2 Kf7 15.
Bg3 Bxg3 16. hxg3 Nfg6 17. a4 Bf5 18. Nf1 Bxd3 19. Qxd3 Rhe8 20. Ne3 Nf8 21.
Rab1 g6 22. b5 axb5 23. axb5 Kg7 24. Rb2 Rec8 25. Reb1 Ne6 26. bxc6 bxc6 27.
Rb7 Rc7 28. Qb3 Rxb7 29. Qxb7 Qxb7 30. Rxb7 Kf7 31. Nc2 Ra2 32. Nb4 Rb2 33. Rb8
Rb1+ 34. Kh2 Rd1 35. Rb7 Nd8 36. Rb8 Ne6 37. Rb7 Nd8 38. Rb8 1/2-1/2

[Event "K41 Foraars EMT Gruppe C 2011"]
[Site "Valby"]
[Date "2011.04.26"]
[Round "5"]
[White "Andersen, Henrik"]
[Black "Sorensen, Dick"]
[Result "0-1"]
[WhiteElo "1823"]
[BlackElo "1816"]
[PlyCount "126"]
[EventDate "2011.??.??"]

1. e4 g6 2. Nc3 Bg7 3. d4 d6 4. f4 c6 5. Nf3 Nf6 6. Bd3 O-O 7. Be3 b5 8. Qd2
Ng4 9. Nd1 Qb6 10. Bg1 a5 11. h3 Nf6 12. g4 Na6 13. c3 Bb7 14. f5 c5 15. d5 b4
16. c4 a4 17. Rb1 Rae8 18. Be3 Nb8 19. O-O Nbd7 20. Qf2 Qc7 21. g5 Nh5 22. Nd2
Ne5 23. Be2 Ba6 24. Bxh5 gxh5 25. f6 Bh8 26. Qh4 e6 27. b3 axb3 28. axb3 exd5
29. exd5 Bc8 30. Qxh5 Ng6 31. Rf3 Re5 32. Nf2 Rfe8 33. Nf1 Bf5 34. Rxf5 Rxf5
35. Ng4 Qc8 36. Nh6+ Kf8 37. Nxf5 Qxf5 38. Rb2 Kg8 39. Rf2 Qd3 40. Rf3 Qxb3 41.
Bxc5 Qxc4 42. Bxd6 Qxd5 43. Bg3 b3 44. Rf2 Bxf6 45. Rxf6 b2 46. Rb6 Qc5+ 47.
Bf2 Qxb6 48. Bxb6 b1=Q 49. Bd4 Qe4 50. Bf2 Nf4 51. Qg4 Ne2+ 52. Kh2 Qxg4 53.
hxg4 Re4 54. Ng3 Nxg3 55. Kxg3 Kg7 56. Kf3 Ra4 57. Bc5 Kg6 58. Be7 Ra7 59. Bc5
Ra4 60. Be7 Rd4 61. Bc5 Rd5 62. Be7 Rd7 63. Bf6 h6 0-1

[Event "K41 Foraars EMT Gruppe C 2011"]
[Site "Valby"]
[Date "2011.04.26"]
[Round "5"]
[White "Hellegaard, Dennis"]
[Black "Morkore, Thomas"]
[Result "0-1"]
[WhiteElo "1835"]
[BlackElo "1854"]
[PlyCount "64"]
[EventDate "2011.??.??"]

1. d4 e6 2. c4 f5 3. g3 Nf6 4. Bg2 c6 5. Nf3 d5 6. b3 Bb4+ 7. Bd2 Qe7 8. O-O a5
9. Ne5 Nbd7 10. Nd3 Bd6 11. Nc3 O-O 12. Rc1 Ne4 13. f3 Nxd2 14. Qxd2 dxc4 15.
bxc4 e5 16. c5 Bc7 17. e3 Nf6 18. Rfe1 Rd8 19. Qf2 exd4 20. exd4 Qd7 21. Ne2 f4
22. Rcd1 fxg3 23. hxg3 Qd5 24. Rd2 Bf5 25. Ndf4 Qf7 26. Rb2 g5 27. Nh3 h6 28.
Nc3 Rd7 29. Kh1 Re8 30. Rxe8+ Qxe8 31. f4 g4 32. Ng1 Qh5+ 0-1

[Event "K41 Foraars EMT Gruppe C 2011"]
[Site "Valby"]
[Date "2011.04.26"]
[Round "5"]
[White "Kokholm, Daniel"]
[Black "Hansen, Jakob"]
[Result "1/2-1/2"]
[WhiteElo "1878"]
[BlackElo "1913"]
[PlyCount "37"]
[EventDate "2011.??.??"]

1. d4 d5 2. e4 dxe4 3. Nc3 Nf6 4. f3 exf3 5. Nxf3 Bg4 6. h3 Bxf3 7. Qxf3 c6 8.
Be3 e6 9. Bd3 Be7 10. O-O Nbd7 11. Rf2 Qc7 12. Raf1 O-O-O 13. Ne4 Nxe4 14. Bxe4
f5 15. Bd3 g5 16. c4 h5 17. Qe2 Bf6 18. d5 Ne5 19. Bb1 1/2-1/2

[Event "K41 Foraars EMT Gruppe C 2011"]
[Site "Valby"]
[Date "2011.05.03"]
[Round "6"]
[White "Hansen, Jakob"]
[Black "Sorensen, Dick"]
[Result "1-0"]
[WhiteElo "1913"]
[BlackElo "1816"]
[PlyCount "43"]
[EventDate "2011.??.??"]

1. e4 c5 2. Nf3 e6 3. d4 cxd4 4. Nxd4 a6 5. Be3 Qc7 6. f4 d6 7. Nc3 Nf6 8. Bd3
Be7 9. Qf3 Nc6 10. O-O O-O 11. Nxc6 Qxc6 12. a4 b6 13. g4 Nd7 14. g5 Nc5 15. f5
Nxd3 16. cxd3 exf5 17. Nd5 Bd8 18. Rac1 Qxa4 19. Rc4 fxe4 20. Rxe4 Qc2 21. Re8
Be6 22. Rxe6 1-0

[Event "K41 Foraars EMT Gruppe C 2011"]
[Site "Valby"]
[Date "2011.05.03"]
[Round "6"]
[White "Kokholm, Daniel"]
[Black "Hellegaard, Dennis"]
[Result "0-1"]
[WhiteElo "1878"]
[BlackElo "1835"]
[PlyCount "94"]
[EventDate "2011.??.??"]

1. d4 Nf6 2. Nc3 c5 3. d5 e5 4. e4 d6 5. f4 Bg4 6. Qd3 exf4 7. Bxf4 Nbd7 8. h3
Bh5 9. g4 Bg6 10. O-O-O Be7 11. Be2 O-O 12. h4 h5 13. g5 Ne8 14. Nh3 a6 15. Bh2
b5 16. Rdf1 c4 17. Qe3 b4 18. Nd1 b3 19. cxb3 cxb3 20. a3 Qc8+ 21. Nc3 Nc5 22.
Bf3 Qxh3 23. Bxd6 Qxf1+ 24. Rxf1 Bxd6 25. Kd2 Nc7 26. Re1 Rfe8 27. Kd1 Re5 28.
Qd4 Rae8 29. a4 R8e7 30. Re2 Ne8 31. Bg2 f6 32. gxf6 Nxf6 33. Bh3 Nfxe4 34.
Be6+ Nxe6 35. dxe6 Nxc3+ 36. Qxc3 Bc2+ 37. Ke1 Rxe2+ 38. Kxe2 Rxe6+ 39. Kf2 Kh7
40. Qc8 Rf6+ 41. Ke2 Be5 42. Qe8 Bxb2 43. Qxh5+ Rh6 44. Qa5 Bf6 45. Kd2 Bxh4
46. Qc5 Bf6 47. Qd5 Rh2+ 0-1

[Event "K41 Foraars EMT Gruppe C 2011"]
[Site "Valby"]
[Date "2011.05.03"]
[Round "6"]
[White "Morkore, Thomas"]
[Black "Hojgaard, Knud"]
[Result "1-0"]
[WhiteElo "1854"]
[BlackElo "1811"]
[PlyCount "125"]
[EventDate "2011.??.??"]

1. Nf3 e6 2. c4 f5 3. g3 Nf6 4. Bg2 Be7 5. O-O O-O 6. Nc3 d6 7. b4 Qe8 8. d3 a5
9. b5 e5 10. Rb1 Nbd7 11. Ba3 Qh5 12. e3 Rb8 13. Nd5 Nxd5 14. cxd5 b6 15. Nd2
Qxd1 16. Rfxd1 Bb7 17. Rbc1 Bd8 18. Rc2 g5 19. Nc4 Rf6 20. e4 f4 21. Bh3 Nf8
22. Rdc1 h5 23. gxf4 exf4 24. f3 Kh7 25. Rg2 Kh6 26. Kh1 Rf7 27. Bb2 Ng6 28.
Be6 Rh7 29. Bf5 Nh4 30. Bxh7 Nxg2 31. Bg8 Nh4 32. Nd2 Bc8 33. Be6 Bb7 34. Kg1
Ng6 35. Nc4 Nf8 36. Bf5 Ng6 37. Kf2 Ne7 38. Be6 Ng6 39. Rc2 Nf8 40. Bf5 Ng6 41.
d4 Ne7 42. Be6 Kg6 43. Bc1 h4 44. Ke2 Bc8 45. Kd3 Bb7 46. Ba3 Bc8 47. Ke2 Bb7
48. Nxd6 cxd6 49. Bxd6 Rc8 50. Bxc8 Nxc8 51. Bc7 Bf6 52. Kd3 Kh5 53. d6 g4 54.
d7 Na7 55. Bxb6 Nxb5 56. Rc5+ Kg6 57. fxg4 f3 58. d8=Q Bxd8 59. Bxd8 Nd6 60.
Bxh4 Bxe4+ 61. Ke3 Bb7 62. Bg3 Ne4 63. Rxa5 1-0

[Event "K41 Foraars EMT Gruppe C 2011"]
[Site "Valby"]
[Date "2011.05.10"]
[Round "7"]
[White "Andersen, Henrik"]
[Black "Morkore, Thomas"]
[Result "1/2-1/2"]
[WhiteElo "1823"]
[BlackElo "1854"]
[PlyCount "63"]
[EventDate "2011.??.??"]

1. e4 e6 2. d4 d5 3. Nd2 dxe4 4. Nxe4 Bd7 5. Bd3 Bc6 6. Ne2 Nd7 7. O-O Ngf6 8.
N2g3 Nxe4 9. Nxe4 Nf6 10. Nxf6+ Qxf6 11. c3 Bd6 12. Qh5 Qd8 13. c4 Be7 14. Be3
Bf6 15. Rad1 Qd6 16. b3 g6 17. Qe2 O-O 18. Bb1 a5 19. a4 Bg7 20. f4 f5 21. Kh1
Rfe8 22. Qf2 Rad8 23. Rd2 b6 24. Rfd1 Bb7 25. Bc2 Re7 26. Re1 Bf6 27. Bd1 Qb4
28. Bc2 Kg7 29. Red1 Red7 30. h3 Qd6 31. Re1 Qb4 32. Red1 1/2-1/2

[Event "K41 Foraars EMT Gruppe C 2011"]
[Site "Valby"]
[Date "2011.05.10"]
[Round "7"]
[White "Hellegaard, Dennis"]
[Black "Hansen, Jakob"]
[Result "0-1"]
[WhiteElo "1835"]
[BlackElo "1913"]
[PlyCount "80"]
[EventDate "2011.??.??"]

1. d4 Nf6 2. c4 g6 3. Nc3 Bg7 4. e4 O-O 5. e5 Ne8 6. Nf3 d6 7. Bf4 Bg4 8. Be2
Nc6 9. exd6 cxd6 10. Be3 Nc7 11. h3 Bf5 12. g4 Bd7 13. Qd2 a6 14. Rc1 Re8 15.
Ng5 e5 16. d5 Nd4 17. Nge4 Qe7 18. Bg5 f6 19. Bh4 Rec8 20. O-O Rab8 21. f4
Nxe2+ 22. Qxe2 exf4 23. g5 f5 24. Nf6+ Bxf6 25. gxf6 Qxe2 26. Nxe2 h6 27. Bf2
g5 28. Bb6 Ne8 29. Kf2 Nxf6 30. Rg1 Kf7 31. b3 Re8 32. h4 Rbc8 33. hxg5 hxg5
34. Rh1 Kg6 35. Rcg1 Ng4+ 36. Kf3 Rh8 37. Rxh8 Rxh8 38. Bc7 Rh3+ 39. Kg2 Rh2+
40. Kf1 f3 0-1